Política científica regional : (Record no. 1133)

MARC details
000 -LÍDER
Campo Fixo de Controle 00988nam a2200265 a 4500
001 - NÚMERO DE CONTROLE
Campo de Controle 1133
003 - IDENTIFICAÇÃO DO NÚMERO DE CONTROLE
Campo de Controle BR-CuiBMT
005 - DATA E HORA DA ÚLTIMA ATUALIZAÇÃO
Campo de Controle 20231130160915.0
008 - DADOS FIXOS
Dados Fixos 231129s2010 mtba 000 0 por d
020 ## - INTERNATIONAL STANDARD BOOK NUMBER
Nº do ISBN 9788579110191
040 ## - AGÊNCIA CATALOGADORA
Código da Agência Catalogadora BR-CuiBMT
Agência que transcreveu o registro BR-CuiBMT
080 ## - Nº DA CLASSIFICAÇÃO DECIMAL UNIVERSAL
Nº edição CDU 2007
Nº Class. CDU 001.3
Subd. Auxiliar Comum (817.2)
090 ## - NÚMERO DE CHAMADA
Nº classificação 001.3(817.2)
Cutter L864p
100 1# - ENTRADA PRINCIPAL -- AUTOR PESSOAL
Nome pessoal Lopes, Márcia
245 10 - TÍTULO PRINCIPAL
Título principal Política científica regional :
Subtítulo o caso da FAPEMAT no Estado de Mato Grosso /
Indicação de responsabilidade Márcia Lopes.
260 ## - PUBLICAÇÃO, DISTRIBUIÇÃO, ETC.
Local de publicação Cáceres :
Editora UNEMAT,
Data 2010.
300 ## - DESCRIÇÃO FÍSICA
N. páginas ou volumes 123 p. :
Ilustrações il. ;
Dimensões 22 cm
490 1# - INDICAÇÃO DE SÉRIE
Título da série Série inovação e melhoria da gestão pública
504 ## - NOTA DE BIBLIOGRAFIA, ETC.
Nota de bibliografia Inclui bibliografia.
650 ## - ASSUNTO TÓPICO
Cabeçalho tópico ou nome geográfico Ciência e Tecnologia
Subdivisão geral Política nacional
-- Instrumentos
Subdivisão geográfica Brasil
650 ## - ASSUNTO TÓPICO
Cabeçalho tópico ou nome geográfico Sistema estadual de ciência e tecnologia
Subdivisão geral Estrutura organizacional
-- Funcionamento
Subdivisão geográfica Mato Grosso
650 ## - ASSUNTO TÓPICO
Cabeçalho tópico ou nome geográfico Fapemat
Subdivisão geral Trajetória institucional
-- Modelo organizacional
830 #0 - ENTRADA SECUNDÁRIA DE SÉRIE -- TÍTULO UNIFORME
Título uniforme Inovação e melhoria da gestão pública
942 ## - ELEMENTOS DE ENTRADA ADICIONAIS (KOHA)
Fonte de classificação ou esquema de arquivamento Classificação Decimal Universal
Tipo de item do Koha Livros
Holdings
Estado: removido Estado: perdido Fonte de classificação ou esquema de arquivamento Estado: danificado Indisponível para empréstimo Localização permanente Localização atual Data de aquisição Total Checkouts Número de Chamada completo Código de barras Date last seen Número do exemplar Preço efetivo a partir de Tipo de item (Koha)
    Classificação Decimal Universal     Biblioteca da Escola Superior de Contas do TCE/MT Biblioteca da Escola Superior de Contas do TCE/MT 29/11/2023   001.3(817.2) L864p BIBTCEMT23111321 29/11/2023 Ex. 1 29/11/2023 Livros
    Classificação Decimal Universal     Biblioteca da Escola Superior de Contas do TCE/MT Biblioteca da Escola Superior de Contas do TCE/MT 29/11/2023   001.3(817.2) L864p BIBTCEMT23120598 15/12/2023 Ex. 2 29/11/2023 Livros
    Classificação Decimal Universal     Biblioteca da Escola Superior de Contas do TCE/MT Biblioteca da Escola Superior de Contas do TCE/MT 29/11/2023   001.3(817.2) L864p BIBTCEMT23120599 15/12/2023 Ex. 3 29/11/2023 Livros

Powered by Koha